000 00386nam a2200133Ia 4500
005 20260328101450.0
008 260328s9999||||xx |||||||||||||| ||und||
100 _aSaldarriaga Roa, Alberto
245 0 _aCasa RePublicana :
_b la Bella Época en Colombia /
_cAlberto Saldarriaga Roa
260 _bVillegas Editores
300 _a257 p.
650 _aARQUITECTURA RESIDENCIAL
942 _cBK
999 _c8623
_d8623